[Event "PRVA LIGA CENTRALNE SRBIJE 2015"]
[Site "Kragujevac"]
[Date "2015.09.06"]
[Round "2.5"]
[White "Todorovic, Goran N"]
[Black "Kostic, Vladimir G"]
[Result "1/2-1/2"]
[WhiteElo "2378"]
[BlackElo "2367"]
[PlyCount "20"]
[EventDate "2015.09.05"]

1. d4 d5 2. c4 e6 3. Nc3 Nf6 4. Bg5 Be7 5. e3 O-O 6. Nf3 Nbd7 7. Rc1 c6 8. Bd3
dxc4 9. Bxc4 b5 10. Bd3 Ba6 1/2-1/2

[Event "PRVA LIGA CENTRALNE SRBIJE 2015"]
[Site "Kragujevac"]
[Date "2015.09.06"]
[Round "2.5"]
[White "Bozic, Milan"]
[Black "Stankovic, Dragan P"]
[Result "1-0"]
[WhiteElo "2438"]
[BlackElo "2254"]
[PlyCount "58"]
[EventDate "2015.09.05"]

1. Nf3 c5 2. c4 Nc6 3. g3 g6 4. Bg2 Bg7 5. O-O d6 6. Nc3 e5 7. Rb1 Nge7 8. d3
O-O 9. a3 a5 10. Ne1 Be6 11. Nc2 d5 12. cxd5 Nxd5 13. Ne4 b6 14. Ng5 Bg4 15. h3
Bc8 16. Ne3 Nde7 17. b4 axb4 18. axb4 cxb4 19. Bd2 Ra2 20. Bxb4 Nd4 21. Re1 h6
22. Ne4 Be6 23. Nc3 Ra6 24. Ra1 Rxa1 25. Qxa1 Re8 26. Qb2 Nec6 27. Ba3 f5 28.
Nc2 e4 29. dxe4 fxe4 1-0

[Event "PRVA LIGA CENTRALNE SRBIJE 2015"]
[Site "Kragujevac"]
[Date "2015.09.06"]
[Round "2.6"]
[White "Ninov, Nikolai"]
[Black "Zajic, Milan"]
[Result "1/2-1/2"]
[WhiteElo "2436"]
[BlackElo "2472"]
[PlyCount "24"]
[EventDate "2015.09.05"]

1. e4 c5 2. Nf3 e6 3. d4 cxd4 4. Nxd4 Nc6 5. Nb5 d6 6. Bf4 e5 7. Be3 a6 8. N5c3
Nf6 9. Nd2 Ng4 10. Nc4 Nxe3 11. Nxe3 Be7 12. Ncd5 O-O 1/2-1/2

[Event "PRVA LIGA CENTRALNE SRBIJE 2015"]
[Site "Kragujevac"]
[Date "2015.09.06"]
[Round "2.6"]
[White "Lukovic, Vladimir"]
[Black "Dezelin, Milan"]
[Result "1-0"]
[WhiteElo "2438"]
[BlackElo "2261"]
[PlyCount "35"]
[EventDate "2015.09.05"]

1. e4 c5 2. Nf3 a6 3. c4 Nc6 4. d4 cxd4 5. Nxd4 Nf6 6. Nc3 Qc7 7. Be3 e6 8. a3
d6 9. Be2 Bd7 10. O-O Be7 11. Rc1 O-O 12. b4 Nxd4 13. Qxd4 Rfc8 14. f4 Be8 15.
f5 Nd7 16. fxe6 fxe6 17. Bg4 Bf7 18. Rxf7 1-0

[Event "PRVA LIGA CENTRALNE SRBIJE 2015"]
[Site "Kragujevac"]
[Date "2015.09.06"]
[Round "2.6"]
[White "Djordjevic, Vuk"]
[Black "Ilic, Dragan M"]
[Result "1-0"]
[WhiteElo "2209"]
[BlackElo "2354"]
[PlyCount "83"]
[EventDate "2015.09.05"]

1. d4 f5 2. c4 Nf6 3. Nf3 e6 4. g3 d5 5. Bg2 c6 6. O-O Bd6 7. Qc2 O-O 8. Nc3
Qe7 9. c5 Bc7 10. Bf4 Bxf4 11. gxf4 Ne4 12. Ne5 Qh4 13. Nxe4 fxe4 14. e3 Nd7
15. f3 Nxe5 16. dxe5 g5 17. fxe4 gxf4 18. exf4 Rxf4 19. Qd2 Rg4 20. Kh1 Bd7 21.
exd5 cxd5 22. Bxd5 Rd8 23. Bf3 Bc6 24. Qe2 Re4 25. Qf2 Qxf2 26. Rxf2 Rxe5 27.
Bxc6 bxc6 28. Rc1 h5 29. Rg1+ Kh8 30. b4 a5 31. bxa5 Rxc5 32. Rf6 Kh7 33. Rf7+
Kh8 34. Rf6 Kh7 35. Rf7+ Kh8 36. a6 Ra5 37. a7 Ra8 38. Rgg7 Rxa2 39. Rh7+ Kg8
40. Rfg7+ Kf8 41. Rb7 Kg8 42. Rhd7 1-0

[Event "PRVA LIGA CENTRALNE SRBIJE 2015"]
[Site "Kragujevac"]
[Date "2015.09.06"]
[Round "2.6"]
[White "Panic, Nenad"]
[Black "Gajic, Mladen"]
[Result "1-0"]
[WhiteElo "2352"]
[BlackElo "2253"]
[PlyCount "127"]
[EventDate "2015.09.05"]

1. d4 Nf6 2. Nf3 c5 3. d5 d6 4. Nc3 a6 5. a4 e6 6. e4 exd5 7. Nxd5 Nxd5 8. Qxd5
Nc6 9. Ng5 Qc7 10. Bf4 h6 11. Nf3 Qb6 12. Qa2 Be6 13. Bc4 Qb4+ 14. Nd2 Bxc4 15.
Qxc4 Nd4 16. Kd1 Qb6 17. c3 Ne6 18. Bg3 Be7 19. Kc2 O-O 20. a5 Qc6 21. Qd5 Qd7
22. Nc4 Nc7 23. Qd3 Rad8 24. Rhd1 Qc6 25. Ne3 Rfe8 26. f3 b5 27. axb6 Qxb6 28.
Nd5 Nxd5 29. Qxd5 Rb8 30. Rdb1 c4 31. Qxc4 Rec8 32. Qxa6 Qb3+ 33. Kd2 Bf6 34.
Qd3 Rb5 35. Ke2 Rbc5 36. Kf1 d5 37. e5 Be7 38. Bf2 Rb5 39. Bd4 Bf8 40. Ra7 Bc5
41. Bxc5 Rbxc5 42. Qf5 Qc4+ 43. Kf2 Rf8 44. e6 d4 45. exf7+ Kh8 46. Qe4 Rd5 47.
Rd1 Qb5 48. b4 Re5 49. c4 Qb8 50. Qxd4 Rg5 51. g3 Qxb4 52. Qd6 Qc5+ 53. Qxc5
Rxc5 54. Rd4 g6 55. h4 Kg7 56. Rf4 g5 57. hxg5 hxg5 58. Rd4 Rfc8 59. Rg4 Kf8
60. f4 Rf5 61. Rxg5 Rxg5 62. fxg5 Rxc4 63. g6 Kg7 64. Ra8 1-0

[Event "PRVA LIGA CENTRALNE SRBIJE 2015"]
[Site "Kragujevac"]
[Date "2015.09.06"]
[Round "2.6"]
[White "Cvetanovic, Uros"]
[Black "Zivkovic, Vladislav"]
[Result "1/2-1/2"]
[WhiteElo "2230"]
[BlackElo "2177"]
[PlyCount "98"]
[EventDate "2015.09.05"]

1. e4 c6 2. Nf3 d5 3. exd5 cxd5 4. Ne5 Nf6 5. d4 g6 6. Bd3 Bg7 7. O-O O-O 8.
Qe2 Bf5 9. Bxf5 gxf5 10. c3 Nbd7 11. Nd3 Re8 12. Nd2 Nf8 13. f3 Qc8 14. Re1 Ng6
15. Nf1 Qc7 16. Bd2 Rac8 17. Rac1 Qb8 18. Qd1 b6 19. Qb3 e6 20. a4 Qc7 21. Ng3
h6 22. Ne2 Nh5 23. Qa2 Qc4 24. Qxc4 dxc4 25. Ndf4 Nhxf4 26. Nxf4 Nxf4 27. Bxf4
Red8 28. g4 fxg4 29. fxg4 Rd5 30. Kf2 Bf6 31. Bg3 h5 32. Re4 hxg4 33. Rxg4+ Rg5
34. Re4 Rf5+ 35. Ke2 Kh7 36. Ra1 Rd8 37. Rf4 Rxf4 38. Bxf4 Rd5 39. Rf1 Rf5 40.
Rf3 Kg6 41. Rg3+ Kh7 42. Ke3 Ra5 43. Ke4 Rxa4 44. d5 exd5+ 45. Kf5 Bg7 46. Rh3+
Kg8 47. Rg3 Kh7 48. Rh3+ Kg8 49. Rg3 Kh7 1/2-1/2

[Event "PRVA LIGA CENTRALNE SRBIJE 2015"]
[Site "Kragujevac"]
[Date "2015.09.06"]
[Round "2.6"]
[White "Radovanovic, Nikola"]
[Black "Ostojic, Nikola"]
[Result "1/2-1/2"]
[WhiteElo "2407"]
[BlackElo "2420"]
[PlyCount "63"]
[EventDate "2015.09.05"]

1. d4 Nf6 2. c4 c5 3. d5 g6 4. Nc3 Bg7 5. e4 O-O 6. Be2 d6 7. Bg5 h6 8. Bf4 b5
9. cxb5 a6 10. bxa6 Bxa6 11. Qd2 Kh7 12. Bxa6 Nxa6 13. Nf3 Nc7 14. O-O Qd7 15.
h3 Nb5 16. e5 dxe5 17. Nxe5 Qb7 18. Rad1 Nxc3 19. bxc3 Ra4 20. Bh2 Qa8 21. c4
Ne4 22. Qd3 Bxe5 23. Qxe4 Bd6 24. Bxd6 exd6 25. f4 Re8 26. Qd3 Ra3 27. Qb1 Rxa2
28. Rf2 Rxf2 29. Kxf2 Qd8 30. Qd3 Qh4+ 31. Kg1 Kg7 32. Rf1 1/2-1/2